[Event "56.SMM Richter/Lask-ASD Arci BZ"]
[Site "?"]
[Date "2024.11.30"]
[Round "3.1"]
[White "Gigovski, Gjoko"]
[Black "De Eccher, Stefano"]
[Result "1-0"]
[WhiteElo "2165"]
[BlackElo "2165"]
[PlyCount "77"]
[EventDate "2024.??.??"]

{[%evp 0,77,28,25,12,0,-11,-24,-15,-2,7,-27,9,-14,6,-19,1,-45,-45,-44,-55,-46,-31,-61,-72,-62,141,45,99,78,106,68,69,67,67,67,107,88,90,67,63,79,58,29,34,52,66,74,77,54,60,62,82,74,163,152,213,213,357,419,442,475,481,413,414,401,421,430,506,424,426,459,460,480,476,395,425,427,430,434]} 1. Nf3 d5 2. g3 Nf6 3. Bg2 Bf5 4. O-O e6 5. d3 Be7 6. Nbd2 O-O 7. Re1 h6 8. e4 dxe4 9. dxe4 Nxe4 10. Ne5 Nd6 11. c4 c5 12. b4 Nc6 13. Bxc6 bxc6 14. Nxc6 Qc7 15. Nxe7+ Qxe7 16. bxc5 Nb7 17. Nb3 Rac8 18. Qf3 Qc7 19. Be3 Rfd8 20. Red1 Na5 21. Rac1 Rxd1+ 22. Qxd1 Be4 23. Qe1 Nxb3 24. axb3 Bb7 25. Qe2 Qc6 26. f3 g5 27. b4 g4 28. b5 Qc7 29. c6 Ba8 30. fxg4 Qe5 31. Rd1 a6 32. Kf2 axb5 33. cxb5 Rb8 34. Ba7 Qf6+ 35. Kg1 Rc8 36. Bd4 Qg5 37. Qe5 Qxe5 38. Bxe5 Kf8 39. Bf6 1-0

[Event "56.SMM Richter/Lask-ASD Arci BZ"]
[Site "?"]
[Date "2024.11.30"]
[Round "3.2"]
[White "Moncher, Stefano"]
[Black "Olivetti, Davide"]
[Result "0-1"]
[WhiteElo "2162"]
[BlackElo "2158"]
[PlyCount "182"]
[EventDate "2024.??.??"]

{[%evp 0,182,25,10,46,0,40,3,21,6,69,26,26,20,35,27,46,26,47,48,41,24,15,33,20,40,35,14,30,21,47,42,56,46,41,41,85,2,26,49,-31,0,0,0,93,110,130,111,111,111,106,147,210,210,165,191,160,156,172,171,164,177,183,111,211,24,65,29,54,0,1,12,100,69,79,79,114,40,67,48,61,0,0,-14,0,0,0,-185,-35,-59,-48,-168,-158,-185,-163,-136,-161,-172,-64,-43,-30,-18,315,341,374,370,397,411,411,412,423,287,259,304,333,379,470,387,387,393,403,403,466,196,204,174,176,184,180,184,184,65,156,27,65,0,-338,-459,-460,-486,-555,-555,-615,-712,-218,-215,-211,-211,-211,-211,-211,-211,-211,-211,-438,-411,-388,-410,-248,-267,-250,-250,-250,-497,-497,-497,-493,-493,-493,-493,-502,-540,-540,-556,-502,-527,-530,-582,-552,-534,-496,-517,-517,-1269,-1289]} 1. e4 e6 2. d3 b6 3. g3 Bb7 4. Bg2 g6 5. Nf3 Bg7 6. O-O d6 7. Nc3 Nd7 8. Be3 a6 9. Qd2 h6 10. h3 Ne7 11. Rae1 b5 12. a3 Kf8 13. Nh4 Kg8 14. f4 Kh7 15. f5 g5 16. fxe6 fxe6 17. Nf3 Ng6 18. d4 Qe7 19. Bxg5 hxg5 20. Nxg5+ Kg8 21. Rf7 Qxf7 22. Nxf7 Kxf7 23. Rf1+ Kg8 24. e5 d5 25. Qg5 Ndf8 26. h4 Rh7 27. Bh3 Re8 28. Ne2 Bc8 29. h5 Nh8 30. Nf4 Nf7 31. Qh4 Bh6 32. Ng6 Ng5 33. Kg2 Rg7 34. Rf6 Nfh7 35. Ne7+ Rgxe7 36. Rxh6 Rg7 37. Rg6 Kh8 38. Qf4 Reg8 39. Rxg7 Rxg7 40. Qd2 Ne4 41. Qf4 Rxg3+ 42. Kh2 Kg8 43. Qh4 Rg5 44. b3 Bd7 45. c4 bxc4 46. bxc4 Nd2 47. Qf4 Nxc4 48. h6 Nb6 49. Bf1 Bb5 50. Bh3 Rg6 51. Bxe6+ Rxe6 52. Qg4+ Kf7 53. Qf5+ Nf6 54. h7 Bd3 55. Qxe6+ Kxe6 56. h8=Q Ng4+ 57. Kg3 Be2 58. Qe8+ Kf5 59. Qf7+ Ke4 60. e6 Ne3 61. e7 Bb5 62. e8=Q+ Bxe8 63. Qxe8+ Kxd4 64. Qc6 Nbc4 65. Qxa6 c5 66. a4 Kc3 67. Kf3 d4 68. a5 d3 69. Qf6+ Kc2 70. Qa1 d2 71. Qa2+ Nb2 72. Kxe3 d1=Q 73. a6 Qd4+ 74. Kf3 Qd3+ 75. Kg2 Qe4+ 76. Kh2 Qh4+ 77. Kg2 Qc4 78. Qa3 Na4 79. a7 Qg8+ 80. Kf3 Qf7+ 81. Ke4 Qxa7 82. Qa2+ Kc3 83. Qa3+ Kc4 84. Qa2+ Kb5 85. Qb1+ Kc6 86. Qh1 Qf7 87. Ke5+ Kc7 88. Qa8 Qe7+ 89. Kf4 Nb6 90. Qa7+ Kc6 91. Qxe7 Nd5+ 0-1

[Event "56.SMM Richter/Lask-ASD Arci BZ"]
[Site "?"]
[Date "2024.11.30"]
[Round "3.3"]
[White "Perino, Alberto"]
[Black "Bevilacqua, Maurizio"]
[Result "0-1"]
[WhiteElo "1986"]
[BlackElo "2046"]
[PlyCount "58"]
[EventDate "2024.??.??"]

{[%evp 0,58,25,20,46,31,33,35,36,41,29,28,16,27,11,0,-8,12,8,8,33,4,38,17,26,15,76,-5,24,-5,6,-45,-16,-50,-38,-74,-44,-85,-78,-44,-61,-62,-57,-57,-79,-177,-117,-141,-121,-94,-101,-98,-106,-110,-78,-66,-77,-66,-70,-29997,-29998]} 1. e4 e6 2. d4 d5 3. exd5 exd5 4. Nf3 Bd6 5. c4 Nf6 6. c5 Be7 7. Bd3 O-O 8. O-O b6 9. Be3 Nc6 10. Nc3 Nb4 11. Ne5 bxc5 12. dxc5 Bb7 13. Bb1 Nc6 14. Nf3 Qd7 15. Qd3 Rfd8 16. Bg5 g6 17. a3 d4 18. Bxf6 Bxf6 19. Ne4 Bg7 20. Neg5 Ne5 21. Nxe5 Bxe5 22. f3 Bf4 23. Ne4 Qe7 24. Ba2 Be3+ 25. Kh1 a5 26. b4 Bd5 27. Bxd5 Rxd5 28. Rae1 Rh5 29. Ng3 Rxh2+ 0-1

[Event "56.SMM Richter/Lask-ASD Arci BZ"]
[Site "?"]
[Date "2024.11.30"]
[Round "3.4"]
[White "Unterweger, Jonas"]
[Black "Zammarchi, Massimo"]
[Result "0-1"]
[WhiteElo "1948"]
[BlackElo "1976"]
[PlyCount "92"]
[EventDate "2024.??.??"]

{[%evp 0,92,12,15,69,74,57,53,96,66,72,66,54,61,60,47,24,23,55,17,63,17,17,24,52,35,54,45,55,40,61,41,30,25,19,4,26,15,11,-71,-90,-89,-82,-80,-91,-93,-74,-100,-105,-115,-63,-146,-163,-201,-229,-229,-153,-199,-194,-202,-211,-211,-191,-209,-224,-245,-258,-256,-282,-289,-217,-227,-227,-256,-201,-216,-207,-246,-245,-257,-217,-237,-288,-296,-303,-706,-350,-351,-354,-389,-420,-429,-429,-429,-446]} 1. d4 f5 2. Nf3 Nf6 3. Bf4 g6 4. c4 Bg7 5. Nc3 d6 6. e3 O-O 7. Be2 Nh5 8. O-O a5 9. Re1 Na6 10. h3 Nxf4 11. exf4 c5 12. d5 h6 13. Qb3 Rb8 14. Bf1 Bf6 15. Rab1 Bd7 16. a3 b6 17. Qc2 Qe8 18. b3 Qf7 19. Ne5 dxe5 20. fxe5 Bg7 21. e6 Qf6 22. exd7 Qxc3 23. Qxc3 Bxc3 24. Rxe7 Bf6 25. d6 Rbd8 26. g4 Nb8 27. gxf5 gxf5 28. Bd3 Rxd7 29. Rxd7 Nxd7 30. Bxf5 Ne5 31. Be6+ Kg7 32. b4 axb4 33. axb4 Bh4 34. bxc5 Rxf2 35. Bd5 bxc5 36. d7 Nf3+ 37. Bxf3 Rxf3 38. Rd1 Rf8 39. Kg2 Rd8 40. Rd5 Be7 41. Kf3 Kf7 42. Rh5 Rxd7 43. Rxh6 Rd4 44. h4 Rxh4 45. Rc6 Rxc4 46. Ke3 Rd4 0-1

[Event "56.SMM Richter/Lask-ASD Arci BZ"]
[Site "?"]
[Date "2024.11.30"]
[Round "3.5"]
[White "Benvenuto, Alexander"]
[Black "Billio, Atto"]
[Result "1/2-1/2"]
[WhiteElo "1783"]
[BlackElo "2003"]
[PlyCount "27"]
[EventDate "2024.??.??"]

{[%evp 0,27,15,23,74,-3,9,-3,-23,-51,-53,-75,-55,-63,-55,-168,-174,-84,-124,-124,-124,-136,-91,-91,-109,-57,-91,-186,-187,-235]} 1. d4 f5 2. e4 fxe4 3. Nc3 Nf6 4. g4 h6 5. Bg2 d5 6. f3 Nc6 7. h4 exf3 8. Bxf3 e5 9. g5 hxg5 10. hxg5 Rxh1 11. Bxh1 Bg4 12. Bf3 Bxf3 13. Qxf3 Nxd4 14. Qd1 1/2-1/2

[Event "56.SMM Gröden 2 - Brixen/Milland"]
[Site "?"]
[Date "2024.11.30"]
[Round "3.1"]
[White "Brenninger, Daniel"]
[Black "Luciani, Valerio"]
[Result "0-1"]
[WhiteElo "2089"]
[BlackElo "2157"]
[PlyCount "62"]
[SourceVersionDate "2024.12.01"]

1. e4 e6 2. d4 d5 3. Nc3 Bb4 4. e5 c5 5. a3 Bxc3+ 6. bxc3 Ne7 7. h4 Qa5 8. Bd2
Qa4 9. Qb1 c4 10. h5 h6 11. g4 Nbc6 12. f4 Bd7 13. Nf3 O-O-O 14. Bh3 Rdf8 15.
Qb2 f6 16. Ke2 f5 17. gxf5 Nxf5 18. Rag1 Rhg8 19. Bg4 Nce7 20. Nh4 Be8 21. Nxf5
Nxf5 22. Kd1 g6 23. hxg6 Bxg6 24. Bxf5 Bxf5 25. Rxg8 Rxg8 26. Rxh6 Bxc2+ 27.
Ke2 Bd3+ 28. Ke1 Rg1+ 29. Kf2 Qd1 30. Rh8+ Kc7 31. Rh7+ Bxh7 0-1

[Event "56.SMM Gröden 2 - Brixen/Milland"]
[Site "?"]
[Date "2024.11.30"]
[Round "3.2"]
[White "Grossi, Christian"]
[Black "Sader, Michael"]
[Result "1-0"]
[WhiteElo "1961"]
[BlackElo "2054"]
[PlyCount "73"]
[EventDate "30.??.??"]

1. d4 Nf6 2. c4 c5 3. Nf3 g6 4. Nc3 Bg7 5. d5 d6 6. e4 Bg4 7. h3 Bxf3 8. Qxf3
O-O 9. Be2 Nbd7 10. O-O a6 11. Bf4 Ne8 12. Qe3 Rb8 13. Bh6 Bd4 14. Qd2 Ng7 15.
Be3 e5 16. dxe6 Nxe6 17. Bg4 f5 18. exf5 gxf5 19. Bf3 Bxe3 20. fxe3 Ne5 21. Bd5
Qe7 22. Qc2 Kh8 23. Rxf5 Ng7 24. Rxf8+ Rxf8 25. Rf1 Rxf1+ 26. Kxf1 Qf6+ 27. Qf2
Nf5 28. Ke2 Qg6 29. g4 Ng3+ 30. Qxg3 Qd3+ 31. Kf2 Qd2+ 32. Kg1 Qxb2 33. Qf2
Qa1+ 34. Kg2 Kg7 35. Ne4 Ng6 36. Qf7+ Kh6 37. g5+ 1-0

[Event "56.SMM Gröden 2 - Brixen/Milland"]
[Site "?"]
[Date "2024.11.30"]
[Round "3.3"]
[White "Kofler, Thomas"]
[Black "Kasslatter, Matthias"]
[Result "1-0"]
[WhiteElo "1976"]
[BlackElo "1767"]
[PlyCount "81"]
[SourceVersionDate "2024.12.01"]

1. c4 e6 2. Nc3 Nf6 3. g3 d5 4. cxd5 exd5 5. d4 c5 6. Nf3 Nc6 7. Bg2 Bd6 8. O-O
h6 9. Nb5 cxd4 10. Nxd6+ Qxd6 11. Nxd4 Be6 12. Nb5 Qd7 13. Be3 a6 14. Nd4 Rc8
15. Nxe6 fxe6 16. Bc5 Ne7 17. Rc1 O-O 18. e4 Rfd8 19. e5 Nh7 20. Qb3 Rc6 21.
Rc3 Rdc8 22. Bd6 Nf5 23. Rxc6 Qxc6 24. Ba3 Nd4 25. Qd3 Nb5 26. h4 Qc4 27. Qg6
Nd4 28. Bh3 Kh8 29. Bxe6 Nf8 30. Bxf8 Rxf8 31. Bg4 Nf3+ 32. Bxf3 Rxf3 33. e6
Qc6 34. Re1 Rf6 35. Qg4 Qc2 36. Re2 Qd1+ 37. Kg2 Rf8 38. e7 Re8 39. Qd7 Qxe2
40. Qxe8+ Kh7 41. Qf7 1-0

[Event "56.SMM Gröden 2 - Brixen/Milland"]
[Site "?"]
[Date "2024.11.30"]
[Round "3.4"]
[White "Scola, Matteo"]
[Black "Paulmichl, Martin"]
[Result "0-1"]
[WhiteElo "1803"]
[BlackElo "1945"]
[PlyCount "92"]
[EventDate "30.??.??"]
[SourceVersionDate "2024.12.01"]

1. e4 d5 2. exd5 Nf6 3. d4 Bg4 4. Be2 Bxe2 5. Qxe2 Qxd5 6. Nf3 e6 7. O-O Nc6 8.
c4 Nxd4 9. Nxd4 Qxd4 10. Rd1 Qe4 11. Be3 c6 12. Nd2 Qe5 13. Nf3 Qh5 14. Rd4 Be7
15. Rad1 O-O 16. h3 Qa5 17. a3 c5 18. R4d3 Qc7 19. Bg5 Rad8 20. Ne5 Rxd3 21.
Rxd3 Rd8 22. Bf4 Rxd3 23. Nxd3 Qd8 24. Qe3 b6 25. Kf1 Nd7 26. Ne5 Nxe5 27. Bxe5
Bf6 28. Ke2 Bxe5 29. Qxe5 h6 30. f3 g6 31. b4 cxb4 32. axb4 Qc8 33. Kd3 Qa6 34.
h4 Qa2 35. g3 Qb3+ 36. Qc3 Qd1+ 37. Ke3 Qg1+ 38. Kd2 Qxg3 39. c5 Qh2+ 40. Kd1
Qh1+ 41. Kc2 bxc5 42. bxc5 Qh2+ 43. Kb3 Qc7 44. Kc4 Qc6 45. Qf6 Qa4+ 46. Kd3
Qb5+ 0-1

[Event "56.SMM Gröden 2 - Brixen/Milland"]
[Site "?"]
[Date "2024.11.30"]
[Round "3.5"]
[White "Wisthaler, Lukas"]
[Black "Knottner, Klaus"]
[Result "0-1"]
[WhiteElo "1913"]
[BlackElo "1768"]
[PlyCount "74"]
[EventDate "30.??.??"]
[SourceVersionDate "2024.12.01"]

{[%evp 0,74,16,38,54,39,87,-23,5,0,54,65,82,66,49,49,59,38,78,50,85,54,102,46,50,45,66,54,131,98,125,73,74,21,79,52,72,37,42,-17,-22,-22,-30,-98,-107,-106,-106,-106,-134,-109,-104,-110,-113,-106,-106,-112,-109,-109,-109,-190,-103,-133,-141,-158,-134,-134,-134,-136,-140,-357,-595,-853,-853,-935,-1337,-1337,-1337]} 1. e4 e5 2. Nf3 d6 3. c4 Nf6 4. Nc3 g6 5. d4 Nbd7 6. Be2 Bg7 7. O-O O-O 8. Bg5 c6 9. dxe5 dxe5 10. h3 Qe7 11. Qc2 h6 12. Be3 Nh5 13. Qd2 Kh7 14. Rad1 Qf6 15. Rfe1 Nf4 16. Bf1 Ne6 17. Nh2 Qe7 18. b3 f5 19. f3 f4 20. Bf2 h5 21. g4 fxg3 22. Bxg3 Nd4 23. Bg2 Nc5 24. Ne2 Nce6 25. Nxd4 Nxd4 26. f4 exf4 27. Bxf4 Be6 28. Bg5 Qc7 29. Rf1 c5 30. Qe3 Be5 31. Nf3 Nxf3+ 32. Rxf3 Bd4 33. Rxd4 cxd4 34. Rxf8 dxe3 35. Rxa8 Qg3 36. Bf6 Qf2+ 37. Kh1 Qxf6 0-1

[Event "56.SMM Deutschnofen/Alp-Kaltern/Tramin"]
[Site "?"]
[Date "2024.11.30"]
[Round "3.1"]
[White "Bertagnolli, Alexander"]
[Black "Zamengo, Fulvio"]
[Result "1/2-1/2"]
[WhiteElo "2345"]
[BlackElo "2354"]
[PlyCount "92"]
[EventDate "2024.11.09"]

{[%evp 0,92,30,30,46,-2,-4,-46,-7,-71,-34,-25,-31,-29,-20,-11,-28,-10,-18,-47,-49,-67,4,0,6,3,3,1,7,4,11,-20,2,-20,-17,-27,-18,-21,-3,-6,-18,-22,-12,-11,-14,-11,2,10,83,76,76,72,75,70,72,69,69,66,86,81,79,68,66,65,68,69,73,73,70,72,83,80,76,76,80,81,101,75,73,87,77,92,88,101,102,103,90,103,95,99,99,93,92,63,81]} 1. e4 e6 2. b3 d5 3. Bb2 Nc6 4. Bb5 Nge7 5. Qe2 d4 6. c3 a6 7. Bxc6+ Nxc6 8. cxd4 Nxd4 9. Qd3 e5 10. Ne2 Nxe2 11. Qxd8+ Kxd8 12. Kxe2 f6 13. d4 exd4 14. Bxd4 Bd6 15. Rd1 Re8 16. Nc3 Ke7 17. f3 Be6 18. h3 Kf7 19. Rac1 Rad8 20. Kf2 Rd7 21. Be3 Red8 22. Ke2 h5 23. Nd5 g5 24. Nxc7 Rxc7 25. Rxd6 Rxc1 26. Rxd8 Rc2+ 27. Rd2 Rxd2+ 28. Kxd2 a5 29. Kc3 a4 30. Bb6 axb3 31. axb3 Ke7 32. b4 f5 33. Kd4 fxe4 34. fxe4 Bd7 35. Ke5 Bb5 36. Be3 g4 37. h4 g3 38. Bc5+ Kf7 39. Kf4 Ke6 40. Ba7 Bf1 41. Kxg3 Ke5 42. Kf3 Bd3 43. Bb8+ Kd4 44. e5 Bf5 45. Kf4 Bg4 46. Kg3 Kd5 1/2-1/2

[Event "56.SMM Deutschnofen/Alp-Kaltern/Tramin"]
[Site "?"]
[Date "2024.11.30"]
[Round "3.2"]
[White "Lain, Luigi"]
[Black "Zucchelli, Massimo"]
[Result "1-0"]
[WhiteElo "2239"]
[BlackElo "2092"]
[PlyCount "95"]
[EventDate "2024.11.09"]

{[%evp 0,95,31,30,30,-16,3,18,18,-42,-20,3,9,-27,-11,-46,19,-18,-10,-30,-24,-26,48,50,32,19,21,12,66,118,151,159,161,152,162,162,368,140,162,136,136,149,159,150,144,162,148,151,151,158,158,155,134,142,164,155,113,113,113,116,141,92,73,92,110,103,178,98,93,93,93,97,155,152,242,201,344,354,378,157,113,119,157,157,171,287,356,466,510,178,640,660,1461,658,29987,29988,29989,29990]} 1. d4 Nf6 2. c4 e6 3. Nc3 d5 4. cxd5 exd5 5. Bg5 c6 6. Qc2 h6 7. Bh4 g6 8. f3 Be7 9. O-O-O Na6 10. e4 O-O 11. Bxa6 bxa6 12. Nge2 Be6 13. Nf4 Kg7 14. e5 Nd7 15. Qxg6+ fxg6 16. Nxe6+ Kf7 17. Nxd8+ Rfxd8 18. Bxe7 Kxe7 19. Kd2 Rab8 20. b3 Nf8 21. Ke3 Ne6 22. Na4 Rb4 23. Rd2 a5 24. Rc1 Rc8 25. f4 Ng7 26. g4 h5 27. h3 hxg4 28. hxg4 Rh8 29. Rxc6 Ne6 30. Rxe6+ Kxe6 31. Nc5+ Ke7 32. f5 g5 33. Ne6 Rh3+ 34. Kf2 Rh2+ 35. Ke3 Rxd2 36. Kxd2 Rb8 37. Nxg5 Rg8 38. f6+ Kf8 39. Nh7+ Kf7 40. g5 Re8 41. Ke3 Kg6 42. Kf4 Rh8 43. e6 Rxh7 44. Ke5 Rb7 45. e7 Kf7 46. Kf5 Rb6 47. g6+ Ke8 48. g7 1-0

[Event "56.SMM Deutschnofen/Alp-Kaltern/Tramin"]
[Site "?"]
[Date "2024.11.30"]
[Round "3.3"]
[White "Maier, Fridolin"]
[Black "Micheli, Carlo"]
[Result "0-1"]
[WhiteElo "1909"]
[BlackElo "2143"]
[PlyCount "74"]
[EventDate "2024.11.09"]

{[%evp 0,74,25,25,50,50,30,28,128,75,67,46,71,82,63,49,38,38,28,14,47,-5,55,3,-26,-32,-59,0,-11,-11,-14,-24,-32,-79,-98,-144,-135,-126,-142,-142,-115,-168,-150,-160,-182,-190,-176,-192,-205,-191,-185,-228,-214,-266,-246,-266,-237,-252,-243,-673,-636,-636,-689,-699,-440,-490,-401,-392,-350,-822,-1088,-1205,-1274,-29993,-29994,-29995,-29996]} 1. e4 c5 2. Nc3 Nc6 3. Bb5 Na5 4. f4 a6 5. Be2 d6 6. d3 g6 7. Nf3 Bg7 8. O-O Nc6 9. Qe1 e6 10. f5 Nf6 11. Qh4 exf5 12. Bh6 Bxh6 13. Qxh6 Ng4 14. Qf4 O-O 15. h3 Nge5 16. Nd5 Be6 17. c4 Bxd5 18. cxd5 Nxf3+ 19. Bxf3 Nd4 20. g4 g5 21. Qd2 f4 22. h4 h6 23. hxg5 hxg5 24. Kf2 Kg7 25. Qc3 Qf6 26. a4 Rh8 27. Rh1 b5 28. axb5 axb5 29. Rxh8 Rxa1 30. Rh5 b4 31. Qd2 Ra2 32. Bd1 Nb5 33. Ke1 Kf8 34. Qh2 Rxb2 35. Rh8+ Ke7 36. Qh7 Qc3+ 37. Kf1 Qxd3+ 0-1

[Event "56.SMM Deutschnofen/Alp-Kaltern/Tramin"]
[Site "?"]
[Date "2024.11.30"]
[Round "3.4"]
[White "Gennari, Jacopo"]
[Black "Florian, Andreas"]
[Result "1-0"]
[WhiteElo "2127"]
[BlackElo "1714"]
[PlyCount "89"]
[EventDate "2024.11.09"]

{[%evp 0,89,30,30,30,-16,4,9,6,-20,-14,18,2,-12,28,25,7,6,11,15,21,9,16,-9,36,48,37,42,28,26,44,47,47,49,49,14,32,4,-8,11,37,14,39,60,178,151,164,163,176,176,155,162,192,182,177,183,183,183,192,183,211,183,190,206,211,211,227,226,226,238,234,235,324,226,230,234,233,234,256,259,259,259,267,274,334,336,413,425,425,438,498,552]} 1. d4 e6 2. c4 d5 3. Nf3 Nf6 4. g3 Be7 5. Bg2 O-O 6. O-O c6 7. Qc2 Nbd7 8. Rd1 b6 9. b3 Bb7 10. Nc3 Rc8 11. e4 Nxe4 12. Nxe4 dxe4 13. Qxe4 Nf6 14. Qc2 Qc7 15. Bf4 Bd6 16. Bxd6 Qxd6 17. c5 Qe7 18. b4 Nd5 19. a3 Rfd8 20. h4 Qf6 21. Ng5 h6 22. Qh7+ Kf8 23. Ne4 Qg6 24. Qxg6 fxg6 25. Nd6 Rc7 26. Re1 Bc8 27. Nxc8 Rcxc8 28. Rxe6 Nc3 29. Bxc6 Rxd4 30. cxb6 axb6 31. Rxg6 Kf7 32. h5 Rcd8 33. Bf3 b5 34. Rc1 Rd3 35. Kg2 Nd5 36. Bxd5+ R8xd5 37. Rc7+ Rd7 38. Rxd7+ Rxd7 39. Rb6 Rd5 40. g4 Ke7 41. f3 Kd8 42. Rb7 Rg5 43. Kg3 Kc8 44. Rf7 Rd5 45. Rxg7 1-0

[Event "56.SMM Deutschnofen/Alp-Kaltern/Tramin"]
[Site "?"]
[Date "2024.11.30"]
[Round "3.5"]
[White "Bertagnolli, Gerhard"]
[Black "Thurner, Markus"]
[Result "1/2-1/2"]
[WhiteElo "1918"]
[BlackElo "1968"]
[PlyCount "30"]
[EventDate "2024.11.09"]

{[%evp 0,30,30,30,17,6,41,19,21,18,18,12,23,12,25,11,77,48,95,40,52,44,52,45,40,18,39,33,47,7,62,8,60]} 1. d4 Nf6 2. c4 e5 3. dxe5 Ng4 4. Nf3 Nc6 5. Nc3 Ngxe5 6. e3 Bb4 7. Bd2 a5 8. a3 Be7 9. Be2 O-O 10. O-O Re8 11. Qc2 d6 12. Rad1 g6 13. Nd5 Bf8 14. Bc3 Bg7 15. Rd2 b6 1/2-1/2

[Event "56.SMM Deutschnofen/Alp-Kaltern/Tramin"]
[Site "?"]
[Date "2024.11.30"]
[Round "3.6"]
[White "Welsch, Ulrich"]
[Black "Thaler, Elmar"]
[Result "1-0"]
[WhiteElo "1855"]
[BlackElo "1869"]
[PlyCount "83"]
[EventDate "2024.11.09"]

{[%evp 0,83,30,30,18,20,13,-6,0,-19,4,-2,-8,-34,-37,0,1,-1,27,14,70,14,14,13,27,31,55,40,36,1,69,65,60,28,74,72,43,29,24,14,20,21,19,7,4,8,11,10,19,12,21,-8,28,32,35,38,118,47,36,12,25,21,37,36,55,33,108,125,182,-37,-60,-129,-126,-116,-84,-90,-44,-56,-61,-61,-65,-95,29995,29996,29999,-30000]} 1. d4 d5 2. Nf3 Nf6 3. g3 Bf5 4. c4 c6 5. Qb3 Qb6 6. Qa4 e6 7. c5 Qd8 8. Nh4 b5 9. Qb3 a5 10. Nd2 Bg4 11. h3 Bh5 12. g4 Ne4 13. Nhf3 Bg6 14. Bg2 h6 15. Ne5 Bh7 16. O-O Be7 17. Qe3 Nxd2 18. Bxd2 Ra6 19. Rad1 O-O 20. Qg3 Bh4 21. Qa3 Nd7 22. Bf4 Nxe5 23. Bxe5 Be7 24. Qg3 Qd7 25. f3 Ra7 26. Qf2 g5 27. e4 f5 28. Qe2 f4 29. Rfe1 dxe4 30. fxe4 Qe8 31. Bf3 Rd7 32. Qc2 Qd8 33. Qb3 Kf7 34. Re2 Bxc5 35. Rc1 Bxd4+ 36. Bxd4 Rxd4 37. Rxc6 Rd1+ 38. Kg2 Re8 39. Qxb5 Qd4 40. Rc7+ Kf6 41. e5+ Kg6 42. Qxe8# 1-0

[Event "56.SMM Klausen/Rk-CSK Merania"]
[Site "?"]
[Date "2024.11.30"]
[Round "3.1"]
[White "De Santis, Alessio"]
[Black "Schacher, Gerd"]
[Result "1/2-1/2"]
[WhiteElo "2120"]
[BlackElo "2248"]
[PlyCount "97"]
[EventDate "2024.11.09"]

{[%evp 0,97,19,-31,-17,-17,20,-2,1,-10,-21,-20,6,19,17,-12,-22,-14,-24,-30,-8,-5,-13,3,2,-19,-19,-20,-17,-32,-22,-30,-30,-46,-28,-33,-48,-46,2,2,2,0,-8,-20,-10,-8,-5,-3,5,11,8,6,1,9,0,0,0,0,10,0,0,0,0,-13,-22,-13,-13,-31,-21,-17,-10,-11,0,-26,-10,-24,0,-10,-20,-48,-45,-72,-18,-19,-7,-1,0,-70,0,0,0,0,0,0,0,0,0,0,0,0]} 1. b3 e5 2. Bb2 d6 3. e3 Nf6 4. d4 exd4 5. Qxd4 Be7 6. Nf3 Nc6 7. Bb5 O-O 8. Bxc6 bxc6 9. c4 c5 10. Qd3 Bb7 11. Nc3 Re8 12. O-O-O Ng4 13. Rd2 Bf6 14. h3 Ne5 15. Nxe5 Bxe5 16. f4 Bf6 17. Rg1 Qe7 18. Re2 Be4 19. Nxe4 Bxb2+ 20. Kxb2 Qxe4 21. Kc2 a5 22. Qxe4 Rxe4 23. Kd3 Rae8 24. g4 g6 25. g5 c6 26. Rc1 Kg7 27. h4 h6 28. Ree1 R8e6 29. Re2 Re8 30. Ree1 f6 31. gxf6+ Kxf6 32. Re2 Kf5 33. h5 g5 34. fxg5 Kxg5 35. Rh1 R8e6 36. Rh3 Rh4 37. Rg2+ Kxh5 38. Rhg3 d5 39. cxd5 cxd5 40. Rc2 Rc6 41. Rf2 c4+ 42. Kd2 Rh1 43. Rf5+ Kh4 44. Rg7 c3+ 45. Kc2 Rh2+ 46. Kc1 Rxa2 47. Rf4+ Kh3 48. Rf5 Kh4 49. Rf4+ 1/2-1/2

[Event "56.SMM Klausen/Rk-CSK Merania"]
[Site "?"]
[Date "2024.11.30"]
[Round "3.2"]
[White "Seebacher, Michael"]
[Black "Bonagura, Stefano"]
[Result "0-1"]
[WhiteElo "2116"]
[BlackElo "2174"]
[PlyCount "74"]
[EventDate "2024.11.09"]

{[%evp 0,74,30,30,30,27,28,11,11,20,39,-8,4,-8,-20,-4,-17,-16,-40,-40,-14,-15,27,-8,-8,10,12,-1,-9,-14,-22,-28,-22,-15,0,0,0,-138,-154,-134,-147,-155,-157,-208,-194,-184,-203,-233,-209,-213,-234,-329,-329,-329,-338,-347,-344,-369,-397,-423,-415,-437,-452,-456,-479,-495,-508,-512,-367,-397,-417,-437,-451,-497,-512,-457,-443]} 1. e4 {[%emt 0:00:00]} e5 2. Nf3 Nc6 3. Bc4 Bc5 4. O-O Nf6 5. d4 Bxd4 6. Nxd4 Nxd4 7. f4 d6 8. fxe5 dxe5 9. Bg5 Qe7 10. Na3 Ne6 11. Bxf6 gxf6 12. Qf3 Nf4 13. g3 Nh3+ 14. Kh1 Ng5 15. Qxf6 Qxf6 16. Rxf6 Ke7 17. Raf1 Bh3 18. R1f2 Rad8 19. Bd3 Nxe4 20. Rxf7+ Ke8 21. Re2 Kxf7 22. Rxe4 Kf6 23. Nc4 Rd4 24. Re2 e4 25. Rxe4 Rxe4 26. Bxe4 Re8 27. Nd2 Bf5 28. Bxf5 Kxf5 29. Nb3 Kg4 30. Kg1 Re2 31. Nc5 Rxc2 32. Nd3 Rd2 33. Ne5+ Kf5 34. Nc4 Rd4 35. b3 b5 36. Ne3+ Ke4 37. Ng4 c5 0-1

[Event "56.SMM Klausen/Rk-CSK Merania"]
[Site "?"]
[Date "2024.11.30"]
[Round "3.3"]
[White "Lami, Damiano"]
[Black "Bodrov, Timofey"]
[Result "1/2-1/2"]
[WhiteElo "2064"]
[BlackElo "2100"]
[PlyCount "138"]
[EventDate "2024.11.09"]

{[%evp 0,138,27,28,13,20,20,11,15,7,-7,-4,27,15,-13,-13,-1,-15,-14,13,14,-24,-15,-28,-25,-25,-25,-4,0,-48,-41,-35,-30,-35,-28,-30,-30,-25,-23,-12,-32,-20,0,4,4,11,19,-68,-82,-69,-63,-63,-75,-49,-73,-87,-89,-97,-92,-96,-92,-88,-80,-94,-99,-101,-76,-93,-100,-100,-105,-103,-103,-94,-94,-95,-94,-94,-93,-94,-95,-101,-101,-101,-101,-101,-101,-108,-101,-101,-101,-103,-91,-101,-101,-103,-101,-101,-101,-101,-101,-101,-96,-94,-94,-94,-94,-94,-101,-101,-101,-101,-101,-101,-103,-107,-101,-103,-101,-100,-54,-54,-54,-55,-53,-53,-53,-53,0,-53,-53,-53,-53,-53,-53,-53,-53,-53,-53,-53,-53]} 1. e4 {[%emt 0:00:00]} e5 2. Nf3 Nc6 3. Nc3 Nf6 4. d4 exd4 5. Nd5 Be7 6. Bc4 O-O 7. O-O d6 8. Nxd4 Nxd4 9. Qxd4 Nxd5 10. exd5 Bf5 11. Bd3 Bf6 12. Qc4 Bxd3 13. Qxd3 Re8 14. a4 Qe7 15. Be3 Qe4 16. Qxe4 Rxe4 17. c3 a5 18. Rfe1 Rae8 19. Bd2 Kf8 20. Kf1 R8e5 21. Rxe4 Rxe4 22. f3 Rh4 23. Kg1 Rh5 24. c4 Bxb2 25. Rb1 Bd4+ 26. Kh1 b6 27. Bf4 Rf5 28. Bg3 g5 29. h3 Be5 30. Bf2 h5 31. Be3 Bg3 32. Kg1 f6 33. Kf1 Kf7 34. Ke2 Re5 35. Kd3 Kg6 36. Bd4 Re8 37. Rf1 Kf5 38. Be3 h4 39. Rb1 Bf4 40. Bf2 Bg3 41. Be3 Kg6 42. Rf1 f5 43. Rb1 Kh5 44. Rf1 Re7 45. Bd4 Be5 46. Be3 Kg6 47. Bf2 Bf4 48. Bd4 Kf7 49. Bf2 Ke8 50. Bd4 Kd7 51. Bf2 Kc8 52. Bd4 Kb7 53. Bf2 Kc8 54. Bd4 Kd7 55. Bf2 Ke8 56. Bd4 Kf7 57. Bf2 Kg6 58. Bd4 Bg3 59. Be3 f4 60. Bd2 Kf5 61. Bc3 Re3+ 62. Kd2 Kg6 63. Ra1 Bf2 64. Rf1 Bg3 65. Ra1 Kf5 66. Bd4 Re8 67. Rb1 Kg6 68. Rf1 Kf5 69. Rb1 Kg6 1/2-1/2